Energa̕ y medio ambiente Manual bs̀ico de innovaciones tecnolg̤icas para su mejor aprovechamiento/

Bibliographic Details
Main Author: Takeuchi, Noboru
Format: eBook
Language:Spanish
Published: Ciudad de Mx̌ico: Cm̀ara de Diputados, 2014
Subjects:
Online Access:Acceso restringido

MARC

LEADER 00000nam a22000007a 4500
005 20171005174722.0
007 cr|||| ||||
008 171005s2014 mx |||||s|||| 00||0 spa d
020 |a 978-607-401-700-7 
035 |a 20687 
040 |a vLex 
090 |c 7069  |d 7069 
100 1 |a Takeuchi, Noboru 
245 1 0 |a Energa̕ y medio ambiente  |h [Recurso electrn̤ico]:  |b Manual bs̀ico de innovaciones tecnolg̤icas para su mejor aprovechamiento/  |c Noboru Takeuchi  
256 |a Servicio en ln̕ea 
260 |a Ciudad de Mx̌ico:  |b Cm̀ara de Diputados,  |c 2014 
300 |a 1 recurso electrn̤ico 
506 1 |a Disponible solo en los productos indicados  |d vLex Global  |d vLex Global (Academic Edition, excluding Law Schools)  |d vLex Global (U.S. Academic Edition, Law Schools)  |d vLex Global (U.S. Academic Edition, excluding Law Schools)  |d vLex Global (Academic Edition, Law Schools) 
650 0 4 |a Derecho ambiental 
740 0 |a vLex Libros (Servicio en ln̕ea) 
856 4 0 |u http://vlex.com/source/energia-y-medio-ambiente-manual-basico-de-innovaciones-tecnologicas-para-su-mejor-aprovechamiento-20687  |z Acceso restringido 
942 |c BOOK 
999 0 |a Environmental law